Tall & small : a book about height /

Bibliographic Details
Main Author: Phifer, Kate Gilbert, 1937-
Other Authors: Kendrick, Dennis
Format: Book
Language:English
Published: New York, N.Y. : Walker, 1987.
Subjects:

MARC

Tag First Indicator Second Indicator Subfields
LEADER 00000cam a2200000 a 4500
001 in00000018530
005 20151007053253.0
008 861202s1987 nyua j 00110 eng
010 |a  86032401  
020 |a 0802766846 
020 |a 0802766854 (lib. bdg.) 
035 |a (OCoLC)15017506 
035 |9 AAB1030AM 
040 |a DLC  |c DLC  |d TXA  |d UtOrBLW 
049 |a [Curr Col] TXAM  |c [A11058500] 
050 0 0 |a QP84  |b .P54 1987 
082 0 |a 612/.6  |2 19 
100 1 |a Phifer, Kate Gilbert,  |d 1937- 
245 1 0 |a Tall & small :  |b a book about height /  |c by Kate Gilbert Phifer ; illustrations by Dennis Kendrick. 
264 1 |a New York, N.Y. :  |b Walker,  |c 1987. 
300 |a viii, 87 pages :  |b illustrations ;  |c 25 cm. 
336 |a text  |b txt  |2 rdacontent 
337 |a unmediated  |b n  |2 rdamedia 
338 |a volume  |b nc  |2 rdacarrier 
500 |a Includes index. 
500 |a Discusses the feelings and problems caused by one's height, particularly at the preteen stage, the factors involved in growth, and ways to feel good about one's height--whatever it is. 
650 0 |a Stature, Short  |x Psychological aspects  |x Juvenile literature. 
650 0 |a Stature, Tall  |x Psychological aspects  |x Juvenile literature. 
650 1 |a Size. 
650 1 |a Growth. 
700 1 |a Kendrick, Dennis. 
740 0 |a Tall and small. 
999 |a MARS 
999 f f |s 1157a3d0-3350-35d5-aa32-611565b5443f  |i aedb889e-9604-39ec-9070-4153a8679ab9  |t 0 
952 f f |p normal  |a Texas A&M University  |b College Station  |c Sterling C. Evans Library  |d Evans: Curriculum Collection (4th floor)  |t 0  |e QP84 .P54 1987  |h Library of Congress classification  |i unmediated -- volume  |m A14811058500 
998 f f |a QP84 .P54 1987  |t 0  |l Evans: Curriculum Collection (4th floor)